[Event "HUN-chT 0506"]
[Site "Hungary"]
[Date "2006.04.23"]
[Round "11"]
[White "Bagonyai, Attila"]
[Black "Pavel, Miklos"]
[Result "1/2-1/2"]
[WhiteElo "2362"]
[BlackElo "2181"]
[PlyCount "124"]
[EventDate "2005.10.16"]
[EventType "team"]
[EventRounds "11"]
[EventCountry "HUN"]
[SourceTitle "EXT 2007"]
[Source "ChessBase"]
[SourceDate "2006.11.23"]
[SourceVersion "1"]
[SourceVersionDate "2006.11.23"]
[SourceQuality "1"]

1. d4 d5 2. c4 c6 3. Nf3 Nf6 4. Nc3 e6 5. e3 Nbd7 6. Bd3 dxc4 7. Bxc4 b5 8. Be2 Bb7 9. a3 a6 10. b4 a5 11. Rb1 axb4 12. axb4 Bd6 13. e4 e5 14. dxe5 Nxe5 15. Nd4 Bc7 16. 0-0 0-0 17. Be3 Bc8 18. h3 Re8 19. Qc2 Ng6 20. Rbd1 Qd6 21. f4 Bb6 22. Kh1 Qc7 23. e5 Nd7 24. Bf3 Rb8 25. Ne4 Ndf8 26. Nd6 Rd8 27. Qxc6 Bd7 28. Qxc7 Bxc7 29. Nc6 Bxc6 30. Bxc6 Ne7 31. Be4 Nc8 32. Nf5 Ne6 33. Rxd8+ Bxd8 34. Rd1 g6 35. Nd6 Nb6 36. Rc1 Be7 37. Bxb6 Bxd6 38. Ba5 Be7 39. g3 Nd4 40. Rd1 Ne2 41. Rd3 Nc1 42. Rd7 Kf8 43. Bc6 Na2 44. Bc7 Rc8 45. Bxb5 Nxb4 46. Bd6 Nd5 47. Kg2 Bxd6 48. exd6 Nf6 49. Rc7 Rd8 50. Bc4 Rxd6 51. Rxf7+ Ke8 52. Rb7 Kf8 53. Kf3 Rd7 54. Rb8+ Kg7 55. g4 h5 56. g5 Nd5 57. f5 gxf5 58. Bxd5 Rxd5 59. Kf4 Rd3 60. Rb7+ Kg6 61. Rb6+ Kg7 62. Kxf5 Rf3+ 1/2-1/2

[Event "HUN-chT 0506"]
[Site "Hungary"]
[Date "2006.04.09"]
[Round "10"]
[White "Pavel, Miklos"]
[Black "Molnar, Bela"]
[Result "0-1"]
[WhiteElo "2181"]
[BlackElo "2332"]
[PlyCount "38"]
[EventDate "2005.10.16"]
[EventType "team"]
[EventRounds "11"]
[EventCountry "HUN"]
[SourceTitle "EXT 2007"]
[Source "ChessBase"]
[SourceDate "2006.11.23"]
[SourceVersion "1"]
[SourceVersionDate "2006.11.23"]
[SourceQuality "1"]

1. e4 e6 2. d4 d5 3. Nc3 Bb4 4. e5 c5 5. a3 Bxc3+ 6. bxc3 Qa5 7. Bd2 Qa4 8. Nf3 b6 9. Bd3 Ba6 10. 0-0 Ne7 11. Bxa6 Nxa6 12. Be3 Rc8 13. Ne1 0-0 14. Qb1 cxd4 15. cxd4 Rc4 16. Nd3 Rxc2 17. Nb4 Rc4 18. Rc1 Rfc8 19. Nxa6 Rxc1+ 0-1

[Event "HUN-chT 0506"]
[Site "Hungary"]
[Date "2006.03.19"]
[Round "9"]
[White "Eperjesi, Laszlo"]
[Black "Pavel, Miklos"]
[Result "1/2-1/2"]
[WhiteElo "2268"]
[BlackElo "2190"]
[PlyCount "76"]
[EventDate "2005.10.16"]
[EventType "team"]
[EventRounds "11"]
[EventCountry "HUN"]
[SourceTitle "EXT 2007"]
[Source "ChessBase"]
[SourceDate "2006.11.23"]
[SourceVersion "1"]
[SourceVersionDate "2006.11.23"]
[SourceQuality "1"]

1. d4 d5 2. Nf3 Nf6 3. c4 c6 4. e3 Bf5 5. Nc3 e6 6. Be2 h6 7. 0-0 Nbd7 8. b3 Bd6 9. Bb2 0-0 10. h3 a5 11. Nd2 Qe7 12. Bf3 Ba3 13. Qc1 Bxb2 14. Qxb2 Rfd8 15. Rfe1 Nf8 16. Rad1 Qc7 17. e4 dxe4 18. Ndxe4 Nxe4 19. Nxe4 Ng6 20. Ng3 Nh4 21. Be4 Qf4 22. d5 exd5 23. cxd5 Re8 24. Bxf5 Nxf5 25. Nxf5 Rxe1+ 26. Rxe1 Qxf5 27. dxc6 bxc6 28. Re5 Qd3 29. Qc1 Qd4 30. Qe1 a4 31. Re4 Qd5 32. Rxa4 Rxa4 33. bxa4 c5 34. a5 Qxa2 35. Qe8+ Kh7 36. Qb5 c4 37. Qf5+ Kg8 38. Qc8+ Kh7 1/2-1/2

[Event "HUN-chT 0506"]
[Site "Hungary"]
[Date "2006.02.26"]
[Round "8"]
[White "Pavel, Miklos"]
[Black "Hidegh, Eszter"]
[Result "0-1"]
[WhiteElo "2190"]
[BlackElo "2135"]
[PlyCount "80"]
[EventDate "2005.10.16"]
[EventType "team"]
[EventRounds "11"]
[EventCountry "HUN"]
[SourceTitle "EXT 2007"]
[Source "ChessBase"]
[SourceDate "2006.11.23"]
[SourceVersion "1"]
[SourceVersionDate "2006.11.23"]
[SourceQuality "1"]

1. e4 c5 2. Nf3 Nc6 3. d4 cxd4 4. Nxd4 Nf6 5. Nc3 e5 6. Ndb5 d6 7. Bg5 a6 8. Na3 b5 9. Bxf6 gxf6 10. Nd5 f5 11. Bd3 Be6 12. 0-0 Bg7 13. Qh5 f4 14. c4 bxc4 15. Bxc4 0-0 16. Rac1 Nd4 17. Nc2 Nxc2 18. Rxc2 Rc8 19. Rfc1 Kh8 20. Bd3 Rxc2 21. Rxc2 Qa5 22. b4 Qa3 23. Qd1 Bxd5 24. exd5 Qxb4 25. Bxa6 e4 26. Rc4 Qa5 27. Ra4 Qb6 28. Bf1 f5 29. Ra6 Qb4 30. Ra4 Qb6 31. Qb3 Qc7 32. Qc4 Qe7 33. Rb4 e3 34. f3 Be5 35. Qa6 Rf7 36. Rb8+ Kg7 37. a4 Bd4 38. Qe2 Qa7 39. Rb4 Rc7 40. h3 Rc2 0-1

[Event "HUN-chT 0506"]
[Site "Hungary"]
[Date "2005.12.04"]
[Round "5"]
[White "Pavel, Miklos"]
[Black "Horvath, Andras"]
[Result "0-1"]
[WhiteElo "2190"]
[BlackElo "2339"]
[PlyCount "78"]
[EventDate "2005.10.16"]
[EventType "team"]
[EventRounds "11"]
[EventCountry "HUN"]
[SourceTitle "EXT 2007"]
[Source "ChessBase"]
[SourceDate "2006.11.23"]
[SourceVersion "1"]
[SourceVersionDate "2006.11.23"]
[SourceQuality "1"]

1. e4 e5 2. Nf3 Nc6 3. Bb5 a6 4. Ba4 Nf6 5. 0-0 Be7 6. Re1 b5 7. Bb3 d6 8. c3 0-0 9. h3 Be6 10. d4 Bxb3 11. Qxb3 Qd7 12. Nbd2 Rfe8 13. a4 Rab8 14. axb5 axb5 15. Nf1 Nh5 16. Ne3 Nf4 17. Nd5 Nd3 18. Rd1 Nxc1 19. Raxc1 Bf8 20. Qc2 Rb7 21. Ra1 exd4 22. cxd4 Ne7 23. Nb4 c6 24. e5 Rc8 25. Qb3 Ng6 26. d5 c5 27. e6 Qe8 28. Nc2 c4 29. Qe3 Be7 30. Ra6 Bf6 31. Ncd4 fxe6 32. dxe6 d5 33. Nf5 Rd8 34. N3d4 Be5 35. Nc6 Qxe6 36. Nxd8 Qxa6 37. Nxb7 Qxb7 38. Rd2 Qd7 39. Qf3 Nf4 0-1

[Event "HUN-chT 0506"]
[Site "Hungary"]
[Date "2005.10.30"]
[Round "2"]
[White "Balog, Imre1111"]
[Black "Pavel, Miklos"]
[Result "1/2-1/2"]
[WhiteElo "2200"]
[BlackElo "2190"]
[PlyCount "152"]
[EventDate "2005.10.16"]
[EventType "team"]
[EventRounds "11"]
[EventCountry "HUN"]
[SourceTitle "EXT 2007"]
[Source "ChessBase"]
[SourceDate "2006.11.23"]
[SourceVersion "1"]
[SourceVersionDate "2006.11.23"]
[SourceQuality "1"]

1. d4 d5 2. c4 c6 3. Nf3 Nf6 4. g3 e6 5. Bg2 Nbd7 6. 0-0 Bd6 7. b3 0-0 8. Bb2 b6 9. Ne5 Bb7 10. f4 Qe7 11. e3 Ne4 12. Nd2 f5 13. Ndf3 Rfd8 14. g4 c5 15. cxd5 Bxd5 16. gxf5 Bxe5 17. dxe5 Bb7 18. Qc2 exf5 19. Qc4+ Kh8 20. Ng5 Nxg5 21. Bxb7 Rab8 22. Bg2 Ne6 23. Rad1 Ndf8 24. Qc2 Rxd1 25. Rxd1 Rd8 26. Bf3 Rxd1+ 27. Qxd1 Kg8 28. Bd5 g6 29. Qf3 Qh4 30. Bc3 h5 31. Kg2 Qg4+ 32. Kf2 Qxf3+ 33. Kxf3 Kh7 34. e4 Nc7 35. Bf7 Kh6 36. Bc4 Nfe6 37. Bd5 Ng7 38. b4 Nce6 39. Ke3 Kh7 40. a4 Kg8 41. a5 cxb4 42. axb6 axb6 43. Bxb4 Kf7 44. Bc4 fxe4 45. Kxe4 Nf5 46. Be1 Ke7 47. Bf2 Nc5+ 48. Bxc5+ bxc5 49. Bd3 Ke6 50. Bf1 Ke7 51. Bd3 Ke6 52. Be2 Nh4 53. Ba6 Kd7 54. Bb5+ Ke7 55. Be2 Ke6 56. Bf1 Ke7 57. Bh3 Kf7 58. Kd5 Ke7 59. Bf1 Nf3 60. h3 Nd4 61. Bc4 Ne6 62. Ke4 Nd4 63. Ke3 Nf5+ 64. Kf2 Nd4 65. Bd3 Kf7 66. Be4 Kg7 67. Ke3 Kf7 68. Kd3 Kg7 69. Kc4 Ne6 70. f5 gxf5 71. Bxf5 Kf7 72. Kd5 Nd4 73. Be4 Ke7 74. h4 Ne6 75. Kc4 Nf4 76. Kxc5 Ke6 1/2-1/2

[Event "Eger Agria op"]
[Site "Eger"]
[Date "2005.07.29"]
[Round "6"]
[White "Videki, Sandor"]
[Black "Pavel, Miklos"]
[Result "1-0"]
[WhiteElo "2394"]
[BlackElo "2217"]
[PlyCount "79"]
[EventDate "2005.07.18"]
[EventType "swiss"]
[EventRounds "9"]
[EventCountry "HUN"]
[SourceTitle "EXT 2008"]
[Source "ChessBase"]
[SourceDate "2007.11.25"]
[SourceVersion "1"]
[SourceVersionDate "2007.11.25"]
[SourceQuality "1"]

1. e4 c5 2. Nf3 Nc6 3. Bb5 g6 4. 0-0 Bg7 5. Re1 Nf6 6. e5 Nd5 7. Nc3 Nc7 8. Bxc6 dxc6 9. Ne4 Ne6 10. d3 0-0 11. Be3 b6 12. Qd2 Nd4 13. Nxd4 cxd4 14. Bh6 Qd5 15. Bxg7 Kxg7 16. Qf4 Bf5 17. Ng5 h6 18. Nf3 c5 19. b3 Rac8 20. Nh4 Bd7 21. Qg3 Rc6 22. f4 Kh7 23. a4 a5 24. Re2 Rg8 25. Nf3 Qe6 26. Qh4 Kg7 27. Rf1 Re8 28. h3 Qf5 29. g4 Qe6 30. Nd2 Qd5 31. f5 g5 32. Qe1 Rcc8 33. Nc4 Bc6 34. Kh2 Rb8 35. Qf2 Kh7 36. f6 e6 37. Nd6 Rf8 38. h4 Kg6 39. Nf5 Rfe8 40. Ne7+ 1-0

[Event "Eger Agria op"]
[Site "Eger"]
[Date "2005.07.26"]
[Round "3"]
[White "Pavel, Miklos"]
[Black "Somborski, Nebojsa"]
[Result "0-1"]
[WhiteElo "2217"]
[BlackElo "2395"]
[PlyCount "85"]
[EventDate "2005.07.18"]
[EventType "swiss"]
[EventRounds "9"]
[EventCountry "HUN"]
[SourceTitle "EXT 2008"]
[Source "ChessBase"]
[SourceDate "2007.11.25"]
[SourceVersion "1"]
[SourceVersionDate "2007.11.25"]
[SourceQuality "1"]

1. e4 e5 2. Nf3 Nc6 3. Bb5 a6 4. Ba4 Nf6 5. 0-0 Be7 6. Re1 b5 7. Bb3 d6 8. c3 0-0 9. h3 Nd7 10. d4 Bf6 11. d5 Ne7 12. Nbd2 Ng6 13. Nf1 Nh4 14. N1h2 Nxf3+ 15. Nxf3 g6 16. a4 Rb8 17. Bc2 Bg7 18. axb5 axb5 19. Bg5 f6 20. Bh4 h5 21. Ra7 Bh6 22. g4 hxg4 23. hxg4 Nb6 24. Nh2 Bf4 25. Nf1 Rf7 26. Bg3 g5 27. f3 Rh7 28. Re2 Bd7 29. Rh2 Nc8 30. Rxh7 Kxh7 31. Ra1 Ne7 32. Bf2 Ng6 33. Ng3 Bxg3 34. Bxg3 Ra8 35. Bd3 Nf4 36. Bf1 Kg6 37. Qb1 c6 38. dxc6 Qb6+ 39. Bf2 Qxc6 40. Rxa8 Qxa8 41. Be3 Qa4 42. Qc1 Kf7 43. Kf2 0-1

[Event "HUN-ch U18"]
[Site "Balatonlelle"]
[Date "2005.07.04"]
[Round "6"]
[White "Pavel, Miklos"]
[Black "Ladanyi, Zsolt"]
[Result "0-1"]
[WhiteElo "2128"]
[BlackElo "2122"]
[PlyCount "110"]
[EventDate "2005.06.29"]
[EventType "swiss"]
[EventRounds "9"]
[EventCountry "HUN"]
[SourceTitle "EXT 2008"]
[Source "ChessBase"]
[SourceDate "2007.11.25"]
[SourceVersion "1"]
[SourceVersionDate "2007.11.25"]
[SourceQuality "1"]

1. e4 c5 2. Nf3 e6 3. d4 cxd4 4. Nxd4 Nc6 5. Nc3 Qc7 6. Be3 a6 7. Qd2 Nf6 8. 0-0-0 Bb4 9. f3 d5 10. a3 Ba5 11. Nb3 dxe4 12. Nxa5 Qxa5 13. Nxe4 Qxd2+ 14. Rxd2 Nxe4 15. fxe4 e5 16. Bc4 0-0 17. Bd5 Be6 18. Bxe6 fxe6 19. Rd6 Rad8 20. Rxd8 Rxd8 21. Rd1 Nd4 22. c3 Nb3+ 23. Kc2 Rxd1 24. Kxd1 Na5 25. Kc2 Nc4 26. Bc1 Kf7 27. Kd3 b5 28. b3 Na5 29. Kc2 Ke7 30. Be3 Kd6 31. Bb6 Nb7 32. Bf2 Na5 33. h4 h5 34. Be3 Kc6 35. Bg5 Kd7 36. c4 bxc4 37. b4 Nb7 38. Kc3 Nd6 39. Be3 Kc6 40. a4 g6 41. Bg1 Nxe4+ 42. Kxc4 Nd6+ 43. Kd3 Kd5 44. Bf2 e4+ 45. Kc3 Nf5 46. b5 axb5 47. axb5 e3 48. Be1 Kc5 49. Kd3 Kxb5 50. Ke4 Kc4 51. Ke5 Kd3 52. Kxe6 Ke2 53. Bb4 Kf2 54. Kf6 Nxh4 55. Kg5 Nxg2 0-1

[Event "HUN-ch U18"]
[Site "Balatonlelle"]
[Date "2005.07.03"]
[Round "5"]
[White "Pavel, Miklos"]
[Black "Papp, Gabor"]
[Result "0-1"]
[WhiteElo "2128"]
[BlackElo "2477"]
[PlyCount "76"]
[EventDate "2005.06.29"]
[EventType "swiss"]
[EventRounds "9"]
[EventCountry "HUN"]
[SourceTitle "EXT 2008"]
[Source "ChessBase"]
[SourceDate "2007.11.25"]
[SourceVersion "1"]
[SourceVersionDate "2007.11.25"]
[SourceQuality "1"]

1. e4 c5 2. Nf3 e6 3. c4 a6 4. Nc3 Qc7 5. Be2 Nc6 6. d4 cxd4 7. Nxd4 Nf6 8. 0-0 Bb4 9. Qd3 0-0 10. Nxc6 dxc6 11. f3 Bc5+ 12. Kh1 e5 13. Bg5 Nd7 14. Rfd1 Bd4 15. b4 b6 16. Be3 a5 17. a3 axb4 18. axb4 Rxa1 19. Rxa1 Bxe3 20. Qxe3 Qd6 21. b5 Bb7 22. Rd1 Qe6 23. Qd2 Nc5 24. Qd6 Qxd6 25. Rxd6 Rc8 26. bxc6 Bxc6 27. Nd5 Bxd5 28. exd5 Rb8 29. Kg1 Kf8 30. Kf2 Ke7 31. Rc6 Kd7 32. g3 Ne6 33. f4 Nd4 34. Bf3 exf4 35. gxf4 Nxc6 36. dxc6+ Kd6 37. Bd5 b5 38. Bxf7 b4 0-1

[Event "HUN-ch U18"]
[Site "Balatonlelle"]
[Date "2005.06.30"]
[Round "2"]
[White "Vass, Viktor"]
[Black "Pavel, Miklos"]
[Result "0-1"]
[WhiteElo "2189"]
[BlackElo "2128"]
[PlyCount "104"]
[EventDate "2005.06.29"]
[EventType "swiss"]
[EventRounds "9"]
[EventCountry "HUN"]
[SourceTitle "EXT 2008"]
[Source "ChessBase"]
[SourceDate "2007.11.25"]
[SourceVersion "1"]
[SourceVersionDate "2007.11.25"]
[SourceQuality "1"]

1. e4 c5 2. Nf3 Nc6 3. Nc3 e5 4. Bc4 Be7 5. 0-0 d6 6. d3 Nf6 7. Ng5 0-0 8. f4 Bg4 9. Qe1 Nd4 10. Qf2 exf4 11. Bxf4 Ne6 12. Nxe6 Bxe6 13. Bb3 d5 14. exd5 Nxd5 15. Bxd5 Bxd5 16. Qg3 Bc6 17. Be5 f6 18. Bf4 Kh8 19. Rae1 Re8 20. Kh1 Qd7 21. Ne4 Rad8 22. h3 Qd4 23. Bc7 Rd7 24. Bf4 Rdd8 25. Bc7 Rd5 26. Nc3 Rg5 27. Qxg5 fxg5 28. Rxe7 h6 29. Be5 Rxe7 30. Bxd4 cxd4 31. Ne4 Bxe4 32. dxe4 Rxe4 33. Rf2 Kg8 34. g3 g4 35. h4 h5 36. Kg2 g6 37. Kh2 Kg7 38. Kg2 g5 39. Kh2 gxh4 40. gxh4 Re3 41. Rd2 Rh3+ 42. Kg2 Rxh4 43. Rxd4 Rh3 44. Rd7+ Kf6 45. Rxb7 h4 46. Rxa7 Rg3+ 47. Kf2 Rf3+ 48. Kg2 h3+ 49. Kh2 Rf2+ 50. Kg3 Rg2+ 51. Kf4 h2 52. Ra6+ Ke7 0-1

[Event "HUN-chT2 Charousek 0405"]
[Site "Hungary"]
[Date "2005.04.24"]
[Round "11"]
[White "Pavel, Miklos"]
[Black "Adorjan, Botond"]
[Result "1-0"]
[WhiteElo "2000"]
[BlackElo "1895"]
[PlyCount "41"]
[EventDate "2004.09.26"]
[EventType "team"]
[EventRounds "11"]
[EventCountry "HUN"]
[SourceTitle "EXT 2008"]
[Source "ChessBase"]
[SourceDate "2007.11.25"]
[SourceVersion "1"]
[SourceVersionDate "2007.11.25"]
[SourceQuality "1"]
[WhiteTeam "Taban Spartacus"]
[BlackTeam "Szentendre"]
[WhiteTeamCountry "HUN"]
[BlackTeamCountry "HUN"]

1. e4 c5 2. Nf3 d6 3. d4 cxd4 4. Nxd4 Nf6 5. Nc3 a6 6. Be2 e6 7. 0-0 Be7 8. f4 e5 9. Nf3 Qb6+ 10. Kh1 Nbd7 11. fxe5 dxe5 12. Nd5 Qd6 13. Nxe7 Qxe7 14. Bg5 0-0 15. Bc4 Qc5 16. Qe2 b5 17. Bd3 Bb7 18. Nh4 h6 19. Bxf6 Nxf6 20. Rxf6 gxf6 21. Nf5 1-0

[Event "HUN-chT2 Charousek 0405"]
[Site "Hungary"]
[Date "2005.03.06"]
[Round "9"]
[White "Holczl, Attila"]
[Black "Pavel, Miklos"]
[Result "0-1"]
[WhiteElo "2005"]
[BlackElo "2000"]
[PlyCount "58"]
[EventDate "2004.09.26"]
[EventType "team"]
[EventRounds "11"]
[EventCountry "HUN"]
[SourceTitle "EXT 2008"]
[Source "ChessBase"]
[SourceDate "2007.11.25"]
[SourceVersion "1"]
[SourceVersionDate "2007.11.25"]
[SourceQuality "1"]
[WhiteTeam "Decs"]
[BlackTeam "Taban Spartacus"]
[WhiteTeamCountry "HUN"]
[BlackTeamCountry "HUN"]

1. d4 d5 2. c4 c6 3. Nf3 Nf6 4. Nc3 e6 5. Bg5 dxc4 6. e4 b5 7. a4 Qb6 8. axb5 cxb5 9. Bxf6 gxf6 10. b3 Bb4 11. Qc2 Bb7 12. bxc4 Bxe4 13. Qb3 Bxc3+ 14. Qxc3 b4 15. Qe3 Bb7 16. c5 Qc6 17. Bc4 Qe4 18. Bb5+ Ke7 19. Kd2 Rg8 20. Qxe4 Bxe4 21. Rhe1 Bd5 22. Nh4 Rg4 23. g3 Rxd4+ 24. Kc2 Be4+ 25. Kb3 Nd7 26. Bxd7 Kxd7 27. Red1 Bd5+ 28. Kb2 Rxd1 29. Rxd1 Kc6 0-1

[Event "Tapolca Evadnyito op"]
[Site "Budapest"]
[Date "2005.01.08"]
[Round "2"]
[White "Pavel, Miklos"]
[Black "Szell, Lajos"]
[Result "1/2-1/2"]
[WhiteElo "2128"]
[BlackElo "2236"]
[PlyCount "117"]
[EventDate "2005.01.07"]
[EventType "swiss"]
[EventRounds "9"]
[EventCountry "HUN"]
[SourceTitle "EXT 2008"]
[Source "ChessBase"]
[SourceDate "2007.11.25"]
[SourceVersion "1"]
[SourceVersionDate "2007.11.25"]
[SourceQuality "1"]

1. e4 e5 2. Nf3 Nc6 3. Bb5 Nf6 4. Nc3 d6 5. d4 Bd7 6. 0-0 exd4 7. Nxd4 Be7 8. Re1 0-0 9. Bxc6 bxc6 10. Bg5 h6 11. Bh4 Re8 12. Qf3 Nh7 13. Bxe7 Qxe7 14. Rad1 Qg5 15. Qd3 Nf8 16. Re3 Ng6 17. Nf3 Qh5 18. Qd4 Be6 19. e5 c5 20. Qd2 Bg4 21. exd6 cxd6 22. Rde1 Rxe3 23. Rxe3 Rd8 24. Nd5 Bxf3 25. Rxf3 Re8 26. c4 Re4 27. Ne3 Rd4 28. Qc2 Ne5 29. Rf5 Qg6 30. b3 Qe6 31. Rh5 Nd3 32. g3 g6 33. Rxh6 Qf6 34. Ng2 Qg5 35. Rh4 Rxh4 36. Nxh4 Qc1+ 37. Qxc1 Nxc1 38. Nf3 Nxa2 39. Kg2 Kg7 40. Nd2 Kf6 41. Kf3 Ke5 42. h4 Nb4 43. g4 d5 44. cxd5 Nxd5 45. Ne4 Kd4 46. h5 gxh5 47. gxh5 a5 48. h6 Ne7 49. Kf4 c4 50. bxc4 a4 51. Nd6 Kc5 52. Nb5 Kxc4 53. Na3+ Kb3 54. Nb5 Kb4 55. Nd4 Kc4 56. Nc2 Kb3 57. Nd4+ Kc4 58. Nc2 Kb3 59. Nd4+ 1/2-1/2

[Event "Budapest FS11 FM-B"]
[Site "Budapest"]
[Date "2004.11.12"]
[Round "7"]
[White "Pavel, Miklos"]
[Black "Nagy, Aron"]
[Result "1-0"]
[WhiteElo "2034"]
[BlackElo "2012"]
[PlyCount "59"]
[EventDate "2004.11.??"]
[EventType "tourn"]
[EventRounds "11"]
[EventCountry "HUN"]
[SourceTitle "EXT 2006"]
[Source "ChessBase"]
[SourceDate "2005.11.24"]
[SourceVersion "1"]
[SourceVersionDate "2005.11.24"]
[SourceQuality "1"]

1. e4 e6 2. d4 d5 3. Nc3 Bb4 4. e5 c5 5. a3 Bxc3+ 6. bxc3 Ne7 7. Qg4 Qc7 8. Qxg7 Rg8 9. Qxh7 cxd4 10. Ne2 Nbc6 11. f4 Bd7 12. Qd3 dxc3 13. Rb1 0-0-0 14. Nxc3 Na5 15. Nb5 Bxb5 16. Qxb5 Nec6 17. c3 Nc4 18. Bxc4 dxc4 19. 0-0 Rd5 20. Qxc4 Qa5 21. Be3 Qxa3 22. Rf2 Rgd8 23. Bd4 Rxd4 24. cxd4 Rxd4 25. Qb5 Rb4 26. Rxb4 Nxb4 27. Qe8+ Kc7 28. Qxf7+ Kb6 29. Qxe6+ Nc6 30. Rf1 1-0

[Event "Budapest FS11 FM-B"]
[Site "Budapest"]
[Date "2004.11.11"]
[Round "6"]
[White "Papp, Jozsef"]
[Black "Pavel, Miklos"]
[Result "0-1"]
[WhiteElo "1915"]
[BlackElo "2034"]
[PlyCount "96"]
[EventDate "2004.11.??"]
[EventType "tourn"]
[EventRounds "11"]
[EventCountry "HUN"]
[SourceTitle "EXT 2006"]
[Source "ChessBase"]
[SourceDate "2005.11.24"]
[SourceVersion "1"]
[SourceVersionDate "2005.11.24"]
[SourceQuality "1"]

1. Nf3 d5 2. d4 Nf6 3. e3 c5 4. b3 Nc6 5. Bb2 Bg4 6. Be2 e6 7. a3 Bd6 8. Nbd2 0-0 9. 0-0 b6 10. Ne5 Bxe2 11. Qxe2 Rc8 12. Nxc6 Rxc6 13. Rac1 Qc7 14. Nf3 cxd4 15. Nxd4 Rc5 16. g3 Qd7 17. Kg2 Rfc8 18. Nf3 Ne4 19. c4 dxc4 20. Rxc4 Rxc4 21. bxc4 Rc5 22. Kg1 f5 23. Qd3 Qc8 24. Nd2 Nxd2 25. Qxd2 Bf8 26. Rd1 Rxc4 27. Qd7 Qxd7 28. Rxd7 Ra4 29. Rd3 Kf7 30. Kf1 e5 31. Ke2 Ke6 32. Kd2 b5 33. Kc2 e4 34. Rb3 a6 35. Rc3 Rc4 36. Kb3 Kd5 37. Rxc4 bxc4+ 38. Kc2 g5 39. Kd2 Kc5 40. Bc1 Bg7 41. Kc2 Kb5 42. Bd2 a5 43. Kb1 Ka4 44. Ka2 c3 45. Bc1 h5 46. h3 g4 47. h4 Bf6 48. Kb1 Kb3 0-1

[Event "Budapest FS11 FM-B"]
[Site "Budapest"]
[Date "2004.11.10"]
[Round "5"]
[White "Barczi, Tibor"]
[Black "Pavel, Miklos"]
[Result "0-1"]
[WhiteElo "1903"]
[BlackElo "2034"]
[PlyCount "56"]
[EventDate "2004.11.??"]
[EventType "tourn"]
[EventRounds "11"]
[EventCountry "HUN"]
[SourceTitle "EXT 2006"]
[Source "ChessBase"]
[SourceDate "2005.11.24"]
[SourceVersion "1"]
[SourceVersionDate "2005.11.24"]
[SourceQuality "1"]

1. e4 c5 2. Nc3 Nc6 3. f4 g6 4. Nf3 Bg7 5. Bb5 Nd4 6. Nxd4 cxd4 7. Ne2 Qb6 8. Bd3 d6 9. 0-0 Nf6 10. Kh1 0-0 11. h3 Bd7 12. c3 Bc6 13. Ng3 Rac8 14. f5 Nd7 15. Bc2 Bb5 16. d3 dxc3 17. bxc3 Bxc3 18. Rb1 Qc5 19. Bb3 Ne5 20. fxg6 hxg6 21. Bh6 Bxd3 22. Bxf8 Rxf8 23. Bxf7+ Rxf7 24. Rc1 Qb4 25. Rxf7 Kxf7 26. h4 Bd2 27. Ra1 Bf4 28. a3 Qb2 0-1

[Event "Budapest FS10 FM-B"]
[Site "Budapest"]
[Date "2004.10.06"]
[Round "1"]
[White "Ignacz, Rozsa"]
[Black "Pavel, Miklos"]
[Result "0-1"]
[WhiteElo "1899"]
[BlackElo "2034"]
[PlyCount "58"]
[EventDate "2004.10.02"]
[EventType "tourn"]
[EventRounds "10"]
[EventCountry "HUN"]
[SourceTitle "CBM 103 Extra"]
[Source "ChessBase"]
[SourceDate "2005.01.01"]
[SourceVersion "1"]
[SourceVersionDate "2005.01.01"]
[SourceQuality "1"]

1. d4 d5 2. c4 c6 3. Nf3 dxc4 4. a4 Nf6 5. e3 Be6 6. Na3 c5 7. Bxc4 Bxc4 8. Nxc4 cxd4 9. Nxd4 Qd5 10. b3 Qxg2 11. Qf3 Qxf3 12. Nxf3 Nc6 13. Bb2 Nd5 14. Ke2 f6 15. Rhd1 0-0-0 16. Rac1 Ndb4 17. Rxd8+ Kxd8 18. Nd4 e5 19. Nf5 Kc7 20. Ba3 g6 21. Ng3 Na2 22. Rc2 Ncb4 23. Rd2 Nc3+ 24. Ke1 Nb1 25. Bb2 Nxd2 26. Kxd2 Be7 27. Ke2 Rd8 28. Ne4 Nd3 29. h3 f5 0-1

[Event "Budapest FS10 FM-B"]
[Site "Budapest"]
[Date "2004.10.02"]
[Round "1"]
[White "Pavel, Miklos"]
[Black "Szabo, Bence"]
[Result "1-0"]
[WhiteElo "2034"]
[BlackElo "1758"]
[PlyCount "55"]
[EventDate "2004.10.02"]
[EventType "tourn"]
[EventRounds "10"]
[EventCountry "HUN"]
[SourceTitle "CBM 103 Extra"]
[Source "ChessBase"]
[SourceDate "2005.01.01"]
[SourceVersion "1"]
[SourceVersionDate "2005.01.01"]
[SourceQuality "1"]

1. e4 c5 2. Nf3 b6 3. d4 cxd4 4. Nxd4 Bb7 5. Nc3 d6 6. Bc4 Nf6 7. 0-0 e6 8. Bg5 Qc8 9. Bb5+ Nbd7 10. Bxf6 gxf6 11. Qh5 Ke7 12. Rad1 Nc5 13. Rfe1 a6 14. Nf5+ exf5 15. exf5+ Ne6 16. Ba4 Rg8 17. g3 Rg5 18. Qxh7 Rg7 19. Qh4 Qc5 20. fxe6 fxe6 21. Bb3 e5 22. Bd5 Rb8 23. Ne4 Qxd5 24. Qxf6+ Kd7 25. Rxd5 Bxd5 26. Nxd6 Rxg3+ 27. hxg3 Bxd6 28. Rd1 1-0

[Event "HUN-chT2 Charousek 0405"]
[Site "Hungary"]
[Date "2004.09.26"]
[Round "1"]
[White "Pavel, Miklos"]
[Black "Zambo, Balazs"]
[Result "1/2-1/2"]
[WhiteElo "2000"]
[BlackElo "1886"]
[PlyCount "59"]
[EventDate "2004.09.26"]
[EventType "team"]
[EventRounds "11"]
[EventCountry "HUN"]
[SourceTitle "EXT 2008"]
[Source "ChessBase"]
[SourceDate "2007.11.25"]
[SourceVersion "1"]
[SourceVersionDate "2007.11.25"]
[SourceQuality "1"]
[WhiteTeam "Taban Spartacus"]
[BlackTeam "Lenti"]
[WhiteTeamCountry "HUN"]
[BlackTeamCountry "HUN"]

1. e4 c5 2. Nf3 d6 3. d4 cxd4 4. Nxd4 Nf6 5. f3 a6 6. c4 Nc6 7. Nc3 e6 8. Be3 Be7 9. Be2 Qc7 10. 0-0 Bd7 11. Qd2 0-0 12. Rfc1 Nxd4 13. Bxd4 Bc6 14. Nd5 exd5 15. cxd5 Qd7 16. dxc6 bxc6 17. b4 Rfc8 18. Rab1 Rc7 19. Qc3 Qe6 20. Bc4 Qd7 21. a4 c5 22. Bf2 Qxa4 23. bxc5 dxc5 24. Bg3 Rd7 25. Ra1 Qc6 26. Qb3 Bf8 27. e5 Rb7 28. Qa2 Nh5 29. Bd5 Qd7 30. e6 1/2-1/2

[Event "Goed op 1st"]
[Site "Goed"]
[Date "2004.07.31"]
[Round "5"]
[White "Pavel, Miklos"]
[Black "Sipos, Tibor"]
[Result "0-1"]
[WhiteElo "2000"]
[BlackElo "2108"]
[PlyCount "36"]
[EventDate "2004.07.??"]
[EventType "swiss"]
[EventRounds "9"]
[EventCountry "HUN"]
[SourceTitle "EXT 2006"]
[Source "ChessBase"]
[SourceDate "2005.11.24"]
[SourceVersion "1"]
[SourceVersionDate "2005.11.24"]
[SourceQuality "1"]

1. e4 c5 2. Nf3 Nc6 3. d4 cxd4 4. Nxd4 Nf6 5. Nc3 d6 6. Bc4 e6 7. Be3 a6 8. Qe2 Qc7 9. 0-0-0 Be7 10. Bb3 0-0 11. g4 Nxd4 12. Rxd4 b5 13. g5 Nd7 14. Rg1 Nc5 15. Qh5 Nxb3+ 16. axb3 g6 17. Qh6 f5 18. h4 Re8 0-1